Groups of Three- Harry Potter - Statistics

General Stats
  • This quiz has been taken 371 times
  • The average score is 26 of 36
Answer Stats
Hint Answer % Correct
Malfoy Family Draco
99%
Malfoy Family Lucius
98%
Black Sisters Narcissa
96%
Malfoy Family Narcissa
96%
Dursley Family Petunia
96%
Dursley Family Vernon
96%
Dursley Family Dudley
95%
Black Sisters Bellatrix
93%
Pets Allowed Owl
90%
Pets Allowed Cat
89%
Harry's Children Albus Severus
88%
Unforgivable Curses Crucio
86%
School Hogwarts
84%
Deathly Hallows Elder Wand
83%
Unforgivable Curses Imperio
83%
Harry's Children James Sirius
80%
Harry's Children Lily Luna
80%
Golden Trio Harry Potter
79%
Golden Trio Hermione Granger
79%
Golden Trio Ron Weasley
79%
Pets Allowed Toad
77%
Deathly Hallows Invisibility Cloak
76%
Black Sisters Andromeda
72%
School Durmstrang
72%
Deathly Hallows Resurrection Stone
71%
School Beauxbatons
69%
Silver Trio Ginny Weasley
64%
Silver Trio Luna Lovegood
64%
Silver Trio Neville Longbottom
64%
Twins Weasley
62%
Twins Patil
57%
Clubs Dumbledore's Army
30%
Twins Prewett
14%
Unforgivable Curses Adava Kedavra
10%
Clubs Death Eaters
9%
Clubs Order of the Pheonix
5%
No matching quizzes found
Score Distribution
Percent of People with Each Score
Percentile by Number Answered
Your Score History
You have not taken this quiz